[Event "54. Miedzynarodowy Festiwal Szachowy im. Akiby Rubinsteina<br/>OPEN A "]
[Site "Polanica-Zdroj"]
[Date "1899-12-30"]
[Round "7.41"]
[White "Vanduyfhuys, Igor"]
[Black "Galant, Ireneusz"]
[Result "1/2-1/2"]
[WhiteTitle "II+"]
[BlackTitle "I"]
[WhiteElo "1687"]
[BlackElo "1768"]

1. e4 c5 2. Nf3 Nc6 3. d4 cxd4 4. Nxd4 e5 5. Nb5 a6 6. Nd6+ Bxd6 7. Qxd6 Qe7 8.
Qxe7+ Ngxe7 9. Be3 d5 10. exd5 Nxd5 11. Bd2 Bf5 12. c3 O-O 13. Na3 Nf6 14. O-O-O
b5 15. c4 b4 16. Nc2 a5 17. Be3 Rfc8 18. Bd3 e4 19. Be2 Ne5 20. b3 Nd3+ 21. Bxd3
exd3 22. Nd4 Bg6 23. f4 Be4 24. Nb5 Ra6 25. Rhe1 Ng4 26. Bd4 f5 27. h3 Nf6 28.
g4 g6 29. Kb2 Kf7 30. Rd2 a4 31. c5 Ne8 32. bxa4 Rxa4 33. Kb3 Rca8 34. Ra1 Bd5+
35. Kb2 Bc4 36. Nd6+ Nxd6 37. cxd6 Rxa2+ 38. Rxa2 Rxa2+ 39. Kc1 Ra6 40. Bc5 Ke6
41. Bxb4 fxg4 42. hxg4 Kd7 43. Kb2 Ra2+ 44. Kc3 Rxd2 45. Kxd2 h6 46. Ke3 Be6 47.
Kxd3 Bxg4 48. Ke3 h5 49. Kf2 h4 50. Kg2 Ke6 51. Kh2 Kd5 52. Ba3 Bd7 53. Bb4 Ke4
54. Be1 Kxf4 55. Bxh4 Ke5 56. Bg3+ Kf5 57. Bh4 Kg4 58. Bg3 g5 59. Be1 Kf3 60.
Bd2 g4 61. Bg5 1/2-1/2

[Event "54. Miedzynarodowy Festiwal Szachowy im. Akiby Rubinsteina<br/>OPEN A "]
[Site "Polanica-Zdroj"]
[Date "1899-12-30"]
[Round "7.42"]
[White "Lukasik, Zuzanna"]
[Black "Wieczorek, Mikolaj"]
[Result "0-1"]
[WhiteTitle "I++"]
[BlackTitle "I"]
[WhiteElo "1517"]
[BlackElo "1757"]

1. e4 c5 2. Nf3 Nc6 3. d4 cxd4 4. Nxd4 Nf6 5. Nc3 e5 6. Ndb5 d6 7. Nd5 Nxd5 8.
exd5 Ne7 9. c3 Nf5 10. a4 Be7 11. Be2 O-O 12. O-O a6 13. Na3 Nh4 14. Nc4 f5 15.
f4 e4 16. Be3 Rb8 17. Ba7 Ra8 18. Bb6 Qd7 19. Qe1 Ng6 20. g3 Re8 21. Bh5 Bd8 22.
Qe3 a5 23. Bxd8 Qxd8 24. b4 axb4 25. cxb4 Qf6 26. b5 Bd7 27. Bxg6 hxg6 28. Qb6
Rac8 29. Rac1 Rc5 30. Qxd6 Qd4+ 31. Kh1 Rxd5 32. Qxg6 e3 33. Ne5 Qe4+ 34. Kg1
Rdxe5 35. fxe5 e2 36. Rfe1 Qe3+ 37. Kg2 Qe4+ 38. Kg1 Qe3+ 39. Kg2 Qe4+ 40. Kg1
Qxe5 41. Qg5 Qd4+ 42. Kg2 Qd5+ 43. Kf2 Qd4+ 44. Kg2 Be6 45. Qf4 Bd5+ 46. Kh3 Qf6
47. Qd2 Bf3 48. g4 f4 49. Qa2+ Kh8 50. Rc5 g5 51. Qa1 Qxa1 52. Rxa1 e1=Q 53. Rxe1
Rxe1 54. Rxg5 Be4 55. Rc5 f3 56. Rc8+ Kg7 57. Rc7+ Kf6 58. g5+ Kxg5 59. Rf7 f2
60. Kg3 f1=Q 61. Rxf1 Rxf1 0-1

[Event "54. Miedzynarodowy Festiwal Szachowy im. Akiby Rubinsteina<br/>OPEN A "]
[Site "Polanica-Zdroj"]
[Date "1899-12-30"]
[Round "7.43"]
[White "Kruczynski, Marek"]
[Black "Czarniecka, Aleksandra"]
[Result "0-1"]
[WhiteTitle "I"]
[BlackTitle "k"]
[WhiteElo "1786"]
[BlackElo "1980"]

1. e4 c5 2. Ne2 d6 3. g3 Nc6 4. Bg2 g6 5. O-O Bg7 6. c3 e5 7. h3 Nge7 8. d3 O-O
9. Be3 h6 10. f4 f5 11. Qb3+ Kh7 12. Nd2 Rb8 13. Rad1 b5 14. Qc2 Ba6 15. Nf3 b4
16. c4 fxe4 17. dxe4 Nd4 18. Nexd4 cxd4 19. Bc1 Qb6 20. Kh2 b3 21. axb3 Qxb3 22.
Qxb3 Rxb3 23. Nd2 Rd3 24. f5 Nc6 25. b3 Na5 26. fxg6+ Kxg6 27. Rxf8 Bxf8 28. Rf1
Be7 29. Rf3 Rc3 30. Ba3 Rxf3 31. Bxf3 Bg5 32. b4 Nxc4 33. Nxc4 Bxc4 34. h4 Be3
35. Bd1 Bd3 36. Bf3 Bf1 37. b5 Bxb5 38. Bxd6 Kf6 39. Kg2 d3 0-1

[Event "54. Miedzynarodowy Festiwal Szachowy im. Akiby Rubinsteina<br/>OPEN A "]
[Site "Polanica-Zdroj"]
[Date "1899-12-30"]
[Round "8.1"]
[White "Psyk, Radoslaw"]
[Black "Lewtak, Damian"]
[Result "1-0"]
[WhiteTitle "k++"]
[BlackTitle "m"]
[WhiteElo "2304"]
[BlackElo "2369"]

1. e4 c5 2. Nf3 e6 3. d4 cxd4 4. Nxd4 Nc6 5. Nc3 Qc7 6. Be3 a6 7. Be2 b5 8. Nxc6
Qxc6 9. Bf3 Bb7 10. e5 Qc7 11. O-O Rc8 12. Bxb7 Qxb7 13. Qd3 f5 14. exf6 Nxf6
15. Bg5 Rc4 16. Bxf6 gxf6 17. a4 Rg4 18. f3 Qb6+ 19. Kh1 Rd4 20. Qe3 Rd6 21. Qe2
bxa4 22. Ne4 Rc6 23. Nxf6+ Kd8 24. Rfd1 Bd6 25. c4 Qb4 26. Rac1 Rf8 27. Ne4 Bf4
28. Rc3 Kc7 29. c5 Rf7 30. Nd6 Rf8 31. Qd3 Kb8 32. Ne4 Rc7 33. Qxa6 Qxb2 34. Qxa4
Rb7 35. Ra3 Rg8 36. Qa8+ Kc7 37. Qxg8 Qxa3 38. Qf7 Bd2 39. Nxd2 Qe3 40. Qxd7+
1-0

[Event "54. Miedzynarodowy Festiwal Szachowy im. Akiby Rubinsteina<br/>OPEN A "]
[Site "Polanica-Zdroj"]
[Date "1899-12-30"]
[Round "8.2"]
[White "Nurkiewicz, Maciej"]
[Black "Cherepov, Alexej"]
[Result "0-1"]
[WhiteTitle "m"]
[BlackTitle "k"]
[WhiteElo "2371"]
[BlackElo "2245"]

1. e4 c5 2. Nf3 d6 3. d4 cxd4 4. Nxd4 Nf6 5. Nc3 e6 6. Bg5 Be7 7. Qd2 a6 8. O-O-O
b5 9. a3 Bb7 10. Bd3 Nbd7 11. f4 Rc8 12. Rhe1 Nc5 13. e5 dxe5 14. fxe5 Nd5 15.
Bxe7 Qxe7 16. Ne4 Nxe4 17. Rxe4 O-O 18. Rg4 Kh8 19. Rf1 f5 20. exf6 Rxf6 21. Re1
Qf7 22. Rh4 h6 23. Nf3 Qc7 24. Ne5 Ne7 25. Ng4 Qf4 26. Nxf6 Qxh4 27. Rxe6 Nc6
28. Re8+ Rxe8 29. Nxe8 Qxh2 30. Qf2 Kg8 31. Qf3 Qe5 32. Qe4 Kf8 33. Qxe5 Nxe5
34. Nc7 Nxd3+ 35. cxd3 Ke7 0-1

[Event "54. Miedzynarodowy Festiwal Szachowy im. Akiby Rubinsteina<br/>OPEN A "]
[Site "Polanica-Zdroj"]
[Date "1899-12-30"]
[Round "8.3"]
[White "Djuric, Stefan"]
[Black "Frolov, Artur"]
[Result "0-1"]
[WhiteTitle "GM"]
[BlackTitle "IM"]
[WhiteElo "2352"]
[BlackElo "2420"]

1. d4 Nf6 2. c4 g6 3. Nc3 Bg7 4. e4 d6 5. Nf3 O-O 6. Bd3 c5 7. d5 e5 8. h3 Nh5
9. Bg5 f6 10. Bd2 Nf4 11. Bxf4 exf4 12. Qd2 g5 13. h4 h6 14. O-O-O Nd7 15. hxg5
fxg5 16. e5 dxe5 17. d6 Qa5 18. Nxg5 Nf6 19. Bh7+ Nxh7 20. Qd5+ Kh8 21. Nf7+ Rxf7
22. Qxf7 Bg4 23. f3 Rf8 24. Qc7 Qb4 25. d7 e4 26. d8=Q Bxc3 27. Rd2 e3 28. Qxf8+
Nxf8 29. Rc2 Bxb2+ 30. Rxb2 Qc3+ 31. Kb1 Bf5+ 32. Ka1 e2 33. Qe7 Ne6 34. Rxh6+
Kg8 35. Qe8+ Nf8 36. Rh1 Be6 37. Qb5 e1=Q+ 38. Rxe1 Qxe1+ 39. Rb1 Qc3+ 40. Qb2
Qxb2+ 41. Rxb2 b6 42. Rc2 Kf7 43. Kb2 Ng6 44. Kc3 Ne5 45. g3 fxg3 46. Rg2 Nxf3
47. Rxg3 Ne5 48. Rg2 Nxc4 49. Rh2 Nd6 50. a4 Ke7 51. Rh7+ Nf7 52. Rg7 Kd6 53.
Rg8 a5 54. Rb8 Kc7 55. Re8 Bd7 56. Re7 Nd6 57. Kb3 Kd8 58. Rh7 c4+ 59. Ka3 0-1

[Event "54. Miedzynarodowy Festiwal Szachowy im. Akiby Rubinsteina<br/>OPEN A "]
[Site "Polanica-Zdroj"]
[Date "1899-12-30"]
[Round "8.4"]
[White "Mika, Tomasz"]
[Black "Manik, Mikulas"]
[Result "0-1"]
[WhiteTitle "I++"]
[BlackTitle "GM"]
[WhiteElo "2120"]
[BlackElo "2408"]

1. d4 Nf6 2. Bf4 c5 3. d5 d6 4. Nc3 g6 5. e4 Bg7 6. Nf3 O-O 7. Be2 b5 8. Bxb5 Nxe4
9. Nxe4 Qa5+ 10. Nc3 Bxc3+ 11. bxc3 Qxb5 12. h4 Qc4 13. Qd2 Nd7 14. h5 Nf6 15.
Rd1 Ne4 16. Qd3 Qxc3+ 17. Qxc3 Nxc3 18. Rd3 Nxa2 19. c3 a5 20. Re3 Ra7 21. Kd2
Rb7 22. Ne1 Rb2+ 23. Kd1 Bd7 0-1

[Event "54. Miedzynarodowy Festiwal Szachowy im. Akiby Rubinsteina<br/>OPEN A "]
[Site "Polanica-Zdroj"]
[Date "1899-12-30"]
[Round "8.5"]
[White "Sabuk, Piotr"]
[Black "Kozak, Antoni"]
[Result "1-0"]
[WhiteTitle "IM"]
[BlackTitle "k"]
[WhiteElo "2377"]
[BlackElo "2157"]

1. d4 Nf6 2. Nf3 c5 3. d5 e6 4. Nc3 exd5 5. Nxd5 Nxd5 6. Qxd5 Be7 7. Bf4 Nc6 8.
O-O-O Nb4 9. Qb3 d6 10. e4 O-O 11. Bc4 Qa5 12. c3 b5 13. cxb4 bxc4 14. bxa5 cxb3
15. axb3 Rd8 16. Nd2 Rb8 17. Nc4 Rxb3 18. Bxd6 Rb4 19. Bxe7 Rxc4+ 20. Kb1 Re8
21. Rhe1 f5 22. e5 Bb7 23. Rd7 Be4+ 24. Rxe4 Rxe4 25. Bd6 a6 26. Ra7 Re6 27. f4
Rxf4 28. Rxa6 Re8 29. Rc6 Ra8 30. Rxc5 Rf2 31. e6 Re2 32. e7 Re6 33. Rd5 g6 34.
b4 Re1+ 35. Kc2 Re2+ 36. Kb3 Rxg2 37. Bc5 Re8 38. a6 1-0

[Event "54. Miedzynarodowy Festiwal Szachowy im. Akiby Rubinsteina<br/>OPEN A "]
[Site "Polanica-Zdroj"]
[Date "1899-12-30"]
[Round "8.6"]
[White "Stachowiak, Kamil"]
[Black "Luberanski, Jakub"]
[Result "1-0"]
[WhiteTitle "IM"]
[BlackTitle "I"]
[WhiteElo "2447"]
[BlackElo "1763"]

1. c4 e5 2. g3 Nf6 3. Bg2 c6 4. Nf3 e4 5. Nd4 d5 6. cxd5 Qb6 7. Nb3 cxd5 8. O-O
Be7 9. d3 exd3 10. Qxd3 Nc6 11. Nc3 Be6 12. Be3 Qb4 13. Nxd5 Nxd5 14. Bxd5 Rd8
15. Bxc6+ bxc6 16. Qc2 Rc8 17. Nd4 Bd5 18. a3 Qb7 19. Nf5 O-O 20. Nxe7+ Qxe7 21.
Bc5 Qe6 22. Bxf8 Rxf8 23. Rfe1 Re8 24. Qc5 Qh6 25. e4 Bxe4 26. f3 Rb8 27. Rxe4
1-0

[Event "54. Miedzynarodowy Festiwal Szachowy im. Akiby Rubinsteina<br/>OPEN A "]
[Site "Polanica-Zdroj"]
[Date "1899-12-30"]
[Round "8.7"]
[White "Nowak, Kamil"]
[Black "Jaskolka, Tomasz"]
[Result "1/2-1/2"]
[WhiteTitle "m"]
[BlackTitle "k+"]
[WhiteElo "2313"]
[BlackElo "2165"]

1. e4 e6 2. d4 d5 3. Nc3 Bb4 4. e5 Ne7 5. a3 Bxc3+ 6. bxc3 c5 7. Qg4 Qc7 8. Qxg7
Rg8 9. Qxh7 cxd4 10. Ne2 dxc3 11. f4 Nbc6 12. Qd3 d4 13. Nxd4 Nxd4 14. Qxd4 Bd7
15. Rg1 Nf5 16. Qf2 Qc6 17. Bd3 Qd5 18. Rb1 Bc6 19. Rb3 O-O-O 20. Rxc3 Kb8 21.
Rc5 Qa2 22. Rxc6 bxc6 23. Qc5 Rxd3 24. cxd3 Rxg2 25. Rxg2 Qxg2 26. Be3 Nxe3 27.
Qb4+ Ka8 28. Qf8+ Kb7 29. Qb4+ Ka8 30. Qf8+ Kb7 31. Qb4+ 1/2-1/2

[Event "54. Miedzynarodowy Festiwal Szachowy im. Akiby Rubinsteina<br/>OPEN A "]
[Site "Polanica-Zdroj"]
[Date "1899-12-30"]
[Round "8.8"]
[White "Reza, Wojciech"]
[Black "Vanduyfhuys, Daria"]
[Result "1-0"]
[WhiteTitle "FM"]
[BlackTitle "WCM"]
[WhiteElo "2303"]
[BlackElo "1878"]

1. e4 c5 2. Nf3 Nc6 3. d4 cxd4 4. Nxd4 e5 5. Nb5 d6 6. N1c3 a6 7. Na3 Be7 8. Nc4
b5 9. Ne3 Nf6 10. Bd3 O-O 11. O-O Be6 12. Ncd5 b4 13. a3 a5 14. Bd2 Qb8 15. axb4
axb4 16. Rxa8 Qxa8 17. Nxe7+ Nxe7 18. Bxb4 Rd8 19. Qf3 Qa4 20. Ba3 Bc8 21. Nc4
Bg4 22. Qe3 Nc8 23. b3 Qa8 24. Bb2 Nd7 25. Qg5 Nf6 26. f4 h6 27. Qh4 Ne7 28. fxe5
Ng6 29. Qf2 1-0

[Event "54. Miedzynarodowy Festiwal Szachowy im. Akiby Rubinsteina<br/>OPEN A "]
[Site "Polanica-Zdroj"]
[Date "1899-12-30"]
[Round "8.9"]
[White "Kumala, Aleksander"]
[Black "Zaleski, Lukasz"]
[Result "1-0"]
[WhiteTitle "k"]
[BlackTitle "k"]
[WhiteElo "2238"]
[BlackElo "2164"]

1. d4 e6 2. e4 d5 3. Bd3 c5 4. exd5 Qxd5 5. Nc3 Qxd4 6. Nb5 Qd8 7. Bf4 Na6 8. Qe2
Nf6 9. O-O-O Qa5 10. Kb1 Be7 11. Nf3 O-O 12. a3 Bd7 13. Nc3 Nc7 14. Ne5 Bc6 15.
Nc4 1-0

[Event "54. Miedzynarodowy Festiwal Szachowy im. Akiby Rubinsteina<br/>OPEN A "]
[Site "Polanica-Zdroj"]
[Date "1899-12-30"]
[Round "8.11"]
[White "Lapaj, Mateusz"]
[Black "Walkusz, Witoslaw"]
[Result "1-0"]
[WhiteTitle "k+"]
[BlackTitle "FM"]
[WhiteElo "2198"]
[BlackElo "2121"]

1. c4 e5 2. Nc3 b6 3. Nf3 Nc6 4. g3 Bb7 5. Bg2 d6 6. O-O Nge7 7. d4 Nxd4 8. Nxd4
Bxg2 9. Kxg2 exd4 10. Qxd4 Qd7 11. Nd5 O-O-O 12. a4 Nc6 13. Qc3 Qg4 14. Be3 Ne5
15. a5 Qxc4 16. Qxc4 Nxc4 17. axb6 Nxb6 18. Bxb6 axb6 19. Ra7 g6 20. Rc1 c5 21.
Nxb6+ Kb8 22. Rxf7 Re8 23. Ra1 Be7 24. Ra8+ Kc7 25. Rxe7+ Rxe7 26. Nd5+ Kb7 27.
Rxh8 Rxe2 28. Rxh7+ Kc6 29. Ne7+ Kb6 30. Nxg6 Rxb2 31. Nf4 c4 32. h4 Kc6 33. Rh8
Kc5 34. h5 Rb7 35. h6 Kd4 36. Rd8 Rh7 37. Rxd6+ Kc5 38. Rd5+ Kb4 39. Rh5 c3 40.
Nd5+ 1-0

[Event "54. Miedzynarodowy Festiwal Szachowy im. Akiby Rubinsteina<br/>OPEN A "]
[Site "Polanica-Zdroj"]
[Date "1899-12-30"]
[Round "8.12"]
[White "Wisniewski, Michal"]
[Black "Okrucinski, Tadeusz"]
[Result "1-0"]
[WhiteTitle "k+"]
[BlackTitle "FM"]
[WhiteElo "2122"]
[BlackElo "2182"]

1. e4 c5 2. Nf3 g6 3. d4 Bg7 4. dxc5 Qa5+ 5. c3 Qxc5 6. Be3 Qc7 7. h3 d6 8. Bd4
Nf6 9. e5 dxe5 10. Bxe5 Qd7 11. Nbd2 O-O 12. Be2 Nc6 13. Bh2 b6 14. O-O Bb7 15.
Nc4 Rad8 16. Qxd7 Nxd7 17. a4 Nc5 18. Ra3 Ne4 19. Re1 Ba8 20. Bf1 Nb8 21. Nce5
Nd7 22. a5 Nxe5 23. Bxe5 Nd2 24. Nxd2 Bxe5 25. Rxe5 Rxd2 26. Rxe7 Rxb2 27. axb6
Rxb6 28. Raxa7 Bd5 29. Kh2 Be6 30. Rac7 Rb1 31. Bd3 Rc1 32. Bb5 Rb8 33. Be8 Rb3
34. Bxf7+ Bxf7 35. Rxf7 Rbxc3 36. Rg7+ Kf8 37. Rcf7+ Ke8 38. Rxh7 Rc8 39. Rb7
1-0

[Event "54. Miedzynarodowy Festiwal Szachowy im. Akiby Rubinsteina<br/>OPEN A "]
[Site "Polanica-Zdroj"]
[Date "1899-12-30"]
[Round "8.13"]
[White "Bilczewski, Kacper"]
[Black "Sanz Wawer, Daniel"]
[Result "0-1"]
[WhiteTitle "k+"]
[BlackTitle "k"]
[WhiteElo "2089"]
[BlackElo "2180"]

1. e4 c6 2. d4 d5 3. Nc3 dxe4 4. Nxe4 Bf5 5. Ng3 Bg6 6. Nh3 Nf6 7. Nf4 e5 8. Nxg6
hxg6 9. Be3 Nbd7 10. dxe5 Qa5+ 11. Bd2 Qxe5+ 12. Qe2 O-O-O 13. O-O-O Bc5 14. Qf3
Qe6 15. Kb1 Ne5 16. Qf4 Rd4 17. Qe3 Rhd8 18. Be2 Qd5 19. Bc1 Rxd1 20. Rxd1 Bxe3
21. Rxd5 Nxd5 22. fxe3 Re8 23. c4 Nf6 24. h3 Ned7 25. Bf3 Nc5 26. Kc2 Nce4 27.
Ne2 Ng5 28. Nd4 Nxf3 29. Nxf3 Ne4 30. b3 g5 31. Bb2 f6 32. Nd4 g6 33. Kd3 g4 34.
hxg4 Nf2+ 35. Ke2 Nxg4 36. Nc2 Kd7 37. Bd4 a6 38. Nb4 Ne5 39. Bc5 a5 40. Nc2 a4
41. Nd4 axb3 42. axb3 Ra8 0-1

[Event "54. Miedzynarodowy Festiwal Szachowy im. Akiby Rubinsteina<br/>OPEN A "]
[Site "Polanica-Zdroj"]
[Date "1899-12-30"]
[Round "8.15"]
[White "Kucza, Karol"]
[Black "Golecki, Jan"]
[Result "1-0"]
[WhiteTitle "FM"]
[BlackTitle "I++"]
[WhiteElo "2342"]
[BlackElo "1943"]

1. e4 c5 2. Nf3 d6 3. d4 cxd4 4. Nxd4 Nf6 5. Nc3 g6 6. Be3 Bg7 7. f3 O-O 8. Qd2
Nc6 9. Bc4 Bd7 10. O-O-O Rc8 11. Bb3 Ne5 12. Kb1 Nc4 13. Bxc4 Rxc4 14. g4 Re8
15. h4 h5 16. g5 Nh7 17. Nde2 Qa5 18. Bd4 Be6 19. Bxg7 Kxg7 20. b3 Rc7 21. Rhe1
Nf8 22. Nd5 Qxd2 23. Rxd2 Rc5 24. c4 Nd7 25. Nd4 a6 26. Kb2 Kf8 27. Nf4 Re5 28.
Ndxe6+ Rxe6 29. Nxe6+ fxe6 30. f4 e5 31. f5 Kg7 32. f6+ Kf7 33. fxe7 Kxe7 34.
Red1 Nc5 35. Rxd6 Nxe4 36. Rxg6 Rf8 37. Rc1 Nc5 38. Rc2 e4 39. Re2 Rf4 40. b4
Nd3+ 41. Kc3 Ne5 42. Rb6 Rxh4 43. g6 Rg4 44. Rxb7+ Kd6 45. Rb6+ Kc7 46. Re6 Nxg6
47. R2xe4 Rg3+ 48. Re3 Rg2 49. Rxa6 1-0

[Event "54. Miedzynarodowy Festiwal Szachowy im. Akiby Rubinsteina<br/>OPEN A "]
[Site "Polanica-Zdroj"]
[Date "1899-12-30"]
[Round "8.16"]
[White "Szelag, Zuzanna"]
[Black "Goslawski, Michal"]
[Result "0-1"]
[WhiteTitle "I++"]
[BlackTitle "k"]
[WhiteElo "1934"]
[BlackElo "2110"]

1. e4 e5 2. Nf3 Nf6 3. Nxe5 d6 4. Nf3 Nxe4 5. Nc3 Nxc3 6. dxc3 Be7 7. Be3 O-O 8.
Qd2 Nd7 9. O-O-O Re8 10. h4 Nc5 11. Nd4 Ne4 12. Qd3 Bf6 13. g3 c5 14. Nb5 Bg4
15. Re1 d5 16. Be2 c4 17. Qd1 Bxe2 18. Qxe2 Qa5 19. Na3 Nxc3 20. Qd2 Nxa2+ 21.
Kb1 Nc3+ 22. Kc1 b6 23. Bg5 Ne4 24. Qxa5 Bxg5+ 25. hxg5 bxa5 26. Re2 Nxg5 27.
Rhe1 Rxe2 28. Rxe2 Ne6 29. Rd2 Rd8 30. Nb5 a6 31. Nc3 d4 32. Ne2 h5 33. Ng1 g5
34. Nf3 Rd5 35. Kd1 Kg7 36. Ke2 f5 37. Kf1 Kf6 38. Kg2 f4 39. Kh2 g4 40. Nh4 f3
41. Kg1 Rb5 0-1

[Event "54. Miedzynarodowy Festiwal Szachowy im. Akiby Rubinsteina<br/>OPEN A "]
[Site "Polanica-Zdroj"]
[Date "1899-12-30"]
[Round "8.17"]
[White "Kawalko, Adam"]
[Black "Bielinski, Dariusz"]
[Result "1/2-1/2"]
[WhiteTitle "I"]
[BlackTitle "k+"]
[WhiteElo "1869"]
[BlackElo "2100"]

1. e4 d6 2. d4 g6 3. Nc3 Bg7 4. Be3 a6 5. Qd2 b5 6. f3 Nd7 7. h4 h6 8. O-O-O Bb7
9. Nh3 Ngf6 10. Kb1 c5 11. dxc5 dxc5 12. e5 Nxe5 13. Qxd8+ Rxd8 14. Rxd8+ Kxd8
15. Bxc5 Nfd7 16. Bd4 Bf6 17. Nf4 e6 18. Nd3 Ke7 19. Nc5 Nxc5 20. Bxc5+ Kd7 21.
Be2 Rc8 22. Bd4 Ke7 23. Rd1 Nd7 24. Bxf6+ Nxf6 25. Kc1 b4 26. Nb1 Nd5 27. Rd2
f5 28. a3 a5 29. Bd3 g5 30. hxg5 hxg5 31. Rf2 Kf6 32. Kd2 Nf4 33. Bf1 Bd5 34.
c3 Ba2 35. Kc2 Bxb1+ 36. Kxb1 bxa3 37. c4 Ke5 38. bxa3 Kd4 39. Kc2 Ke3 40. Rd2
e5 41. Kc3 Rb8 42. g3 Nh5 43. Re2+ Kxf3 44. Rxe5 Nxg3 45. Bd3 Kf4 46. Rxa5 Ne4+
47. Kd4 g4 48. Rxf5+ Kxf5 49. Bxe4+ Ke6 50. Bd5+ Kd7 51. Ke5 g3 52. Kf4 Rg8 53.
Bg2 Kd6 54. a4 Kc5 55. a5 Rg6 56. Kf3 Rg7 57. Kf4 Rg8 58. Kf3 1/2-1/2

[Event "54. Miedzynarodowy Festiwal Szachowy im. Akiby Rubinsteina<br/>OPEN A "]
[Site "Polanica-Zdroj"]
[Date "1899-12-30"]
[Round "8.18"]
[White "Betkowski, Andrzej"]
[Black "Turski, Bartlomiej"]
[Result "1-0"]
[WhiteTitle "k"]
[BlackTitle "I"]
[WhiteElo "2041"]
[BlackElo "1830"]

1. e4 c5 2. Nc3 Nc6 3. g3 g6 4. Bg2 Bg7 5. d3 e6 6. Be3 d6 7. Qd2 Rb8 8. Nf3 Nge7
9. Bh6 O-O 10. h4 f6 11. Bxg7 Kxg7 12. h5 g5 13. h6+ Kh8 14. d4 e5 15. dxc5 dxc5
16. Nd5 Be6 17. O-O-O Nd4 18. c3 Nxf3 19. Bxf3 Bxd5 20. exd5 Qd6 21. Bg4 b5 22.
f4 gxf4 23. gxf4 Ng6 24. fxe5 Nxe5 25. Be6 b4 26. Qg2 Ng6 27. Rh3 Rb7 28. Qf2
Nf4 29. Rf3 Nxe6 30. Rxf6 Qe7 31. Rf1 Rxf6 32. Qxf6+ Qxf6 33. Rxf6 Kg8 34. dxe6
bxc3 35. bxc3 Rb8 36. Rf7 Re8 37. Rg7+ Kf8 38. Rxa7 Rxe6 39. Rxh7 Rc6 40. Kb2
Kg8 41. Rg7+ Kh8 42. Kb3 Rxh6 43. Rg5 Rb6+ 44. Kc4 Ra6 45. Rg2 Ra5 46. Kd5 Kh7
47. c4 Kh8 48. Kc6 Ra8 49. Kxc5 Rc8+ 50. Kb4 Rb8+ 51. Kc3 Rc8 52. Kd4 Rd8+ 53.
Ke5 Re8+ 54. Kd6 Rd8+ 55. Kc7 Rd4 56. c5 Rc4 57. c6 Rc3 58. Kb7 Rc1 59. c7 Rb1+
60. Kc8 1-0

[Event "54. Miedzynarodowy Festiwal Szachowy im. Akiby Rubinsteina<br/>OPEN A "]
[Site "Polanica-Zdroj"]
[Date "1899-12-30"]
[Round "8.19"]
[White "Budnik, Mateusz"]
[Black "Jankowiak, Tomasz"]
[Result "1/2-1/2"]
[WhiteTitle "I++"]
[BlackTitle "k"]
[WhiteElo "2003"]
[BlackElo "2117"]

1. e4 e5 2. Nf3 Nc6 3. Bb5 a5 4. O-O Na7 5. Be2 d6 6. c3 Nf6 7. d3 Be7 8. Re1 O-O
9. Nbd2 Re8 10. Nf1 Bf8 11. Bg5 h6 12. Bd2 b5 13. a4 c6 14. axb5 cxb5 15. Ne3
Qb6 16. c4 b4 17. Nd5 Nxd5 18. exd5 Bd7 19. Be3 Qc7 20. d4 exd4 21. Nxd4 Nc8 22.
b3 Nb6 23. Bg4 a4 24. Bxd7 Nxd7 25. Nb5 Qc8 26. bxa4 Re4 27. Rc1 Rxc4 28. Qb3
Rxc1 29. Rxc1 Qa6 30. Qxb4 Qxa4 31. Qxa4 Rxa4 32. g3 Nf6 33. Rd1 Ra5 1/2-1/2

[Event "54. Miedzynarodowy Festiwal Szachowy im. Akiby Rubinsteina<br/>OPEN A "]
[Site "Polanica-Zdroj"]
[Date "1899-12-30"]
[Round "8.20"]
[White "Piliczewski, Bogusz"]
[Black "Konieczynski, Piotr"]
[Result "1-0"]
[WhiteTitle "I+"]
[BlackTitle "I++"]
[WhiteElo "2112"]
[BlackElo "1897"]

1. d4 d5 2. Nf3 Nf6 3. Bf4 Bf5 4. e3 c6 5. Be2 e6 6. h3 Qb6 7. Qc1 h6 8. O-O Be7
9. c4 dxc4 10. Bxc4 O-O 11. Nc3 Nbd7 12. Rd1 Rfd8 13. a3 Nd5 14. Bh2 Rac8 15.
Qd2 a5 16. Rac1 N7f6 17. Na4 Qa7 18. Bd3 Ne4 19. Qc2 Ndf6 20. Be5 b5 21. Bxf6
Nxf6 22. Bxf5 exf5 23. Nc5 g6 24. Ne5 Bd6 25. Ncd3 Bxe5 26. Nxe5 c5 27. dxc5 Rxd1+
28. Qxd1 Rxc5 29. Qd8+ Kg7 30. Rxc5 Qxc5 31. Qxf6+ 1-0

[Event "54. Miedzynarodowy Festiwal Szachowy im. Akiby Rubinsteina<br/>OPEN A "]
[Site "Polanica-Zdroj"]
[Date "1899-12-30"]
[Round "8.21"]
[White "Domanski, Lukasz"]
[Black "Rosicki, Marcin"]
[Result "1-0"]
[WhiteTitle "k"]
[BlackTitle "I+"]
[WhiteElo "2094"]
[BlackElo "2002"]

1. e4 e5 2. Bc4 Nf6 3. d3 c6 4. Nf3 d5 5. Bb3 Bb4+ 6. Bd2 Bxd2+ 7. Qxd2 O-O 8.
Nxe5 Qe7 9. f4 dxe4 10. d4 Nd5 11. Nc3 e3 12. Qe2 Nxf4 13. Qf3 Ne6 14. O-O Nd7
15. Ne4 Nxe5 16. dxe5 Nd4 17. Qh5 Nxb3 18. axb3 f6 19. Ra5 b6 20. exf6 Qxe4 21.
Re5 Qd4 22. c3 Qd3 23. Qg5 Qxf1+ 24. Kxf1 Ba6+ 25. c4 Rxf6+ 26. Ke2 Rg6 27. Qxe3
Rxg2+ 28. Kf1 1-0

[Event "54. Miedzynarodowy Festiwal Szachowy im. Akiby Rubinsteina<br/>OPEN A "]
[Site "Polanica-Zdroj"]
[Date "1899-12-30"]
[Round "8.22"]
[White "Banaszkiewicz, Mikolaj"]
[Black "Adamczewski, Maciej"]
[Result "0-1"]
[WhiteTitle "I"]
[BlackTitle "k"]
[WhiteElo "1984"]
[BlackElo "2061"]

1. d4 Nf6 2. c4 e6 3. Nc3 Bb4 4. Bg5 c5 5. d5 d6 6. f3 h6 7. Bh4 g5 8. Bf2 Qa5
9. Rc1 Qxa2 10. Qd2 Qa5 11. dxe6 Bxe6 12. Qxd6 Nc6 13. Qd2 Rd8 14. Qc2 Nd4 15.
Qb1 Nb3 16. Rc2 Bxc4 17. e3 Bxf1 18. Kxf1 Nd2+ 19. Rxd2 Rxd2 20. Qf5 Bxc3 21.
bxc3 Qa1+ 22. Be1 Qa6+ 0-1

[Event "54. Miedzynarodowy Festiwal Szachowy im. Akiby Rubinsteina<br/>OPEN A "]
[Site "Polanica-Zdroj"]
[Date "1899-12-30"]
[Round "8.23"]
[White "Mazalon, Mariusz"]
[Black "Schoenau, Helmut"]
[Result "1/2-1/2"]
[WhiteTitle "k"]
[BlackTitle ""]
[WhiteElo "2055"]
[BlackElo "1947"]

1. d4 d5 2. c4 c6 3. Nf3 Nf6 4. e3 e6 5. Nc3 Nbd7 6. Qc2 Bd6 7. Bd2 O-O 8. Bd3
e5 9. cxd5 cxd5 10. dxe5 Nxe5 11. Nxe5 Bxe5 12. f4 Bc7 13. O-O Re8 14. Rae1 Bd7
15. Nb5 Bb6 16. Nd6 Re6 17. Nxb7 Qe7 18. b4 Bxe3+ 19. Bxe3 Rxe3 20. Qd2 Re8 21.
Rxe3 Qxe3+ 22. Qxe3 Rxe3 23. Nc5 g6 24. a4 Kf8 25. b5 Bf5 26. Rd1 Bxd3 27. Nxd3
Ke7 28. a5 Kd6 29. h3 Re7 30. Rc1 Rc7 31. Rxc7 Kxc7 32. Kf2 Ne4+ 33. Ke3 Nc3 34.
Kd4 Nxb5+ 35. Kxd5 Nd6 36. g4 Nb7 37. a6 Nd8 38. g5 Ne6 39. Ke5 Kd7 40. Kf6 Ke8
41. h4 Kf8 42. Ke5 Ke7 43. Nb4 1/2-1/2

[Event "54. Miedzynarodowy Festiwal Szachowy im. Akiby Rubinsteina<br/>OPEN A "]
[Site "Polanica-Zdroj"]
[Date "1899-12-30"]
[Round "8.24"]
[White "Klein, Gernot, Dr."]
[Black "Harazinska, Magdalena"]
[Result "0-1"]
[WhiteTitle "m"]
[BlackTitle "k"]
[WhiteElo "1922"]
[BlackElo "2035"]

1. e4 c5 2. Nf3 d6 3. d4 cxd4 4. Nxd4 Nf6 5. Nc3 a6 6. Be3 e6 7. f3 b5 8. Qd2 Nbd7
9. g4 Nb6 10. a4 Nc4 11. Bxc4 bxc4 12. O-O-O Bd7 13. g5 Nh5 14. f4 Rc8 15. f5
e5 16. Nde2 Qa5 17. Qd5 Qb4 18. Kb1 Bc6 19. Qd2 Rb8 20. Qc1 Be7 21. Nd5 Bxd5 22.
Rxd5 c3 23. b3 O-O 24. Ka2 Rfc8 25. Qa3 Qxe4 26. Qc1 Qxd5 27. f6 gxf6 28. gxf6
Bxf6 29. Rg1+ Kh8 30. Rd1 Qf3 31. Ng1 Qc6 32. Nh3 d5 33. Bh6 Rb4 34. Ng5 Qd7 35.
Qe3 Nf4 36. Ne4 Rxa4+ 37. Kb1 Rxe4 38. Qxe4 dxe4 39. Rxd7 e3 40. Rd1 e2 41. Re1
Bh4 42. Bxf4 Bxe1 0-1

[Event "54. Miedzynarodowy Festiwal Szachowy im. Akiby Rubinsteina<br/>OPEN A "]
[Site "Polanica-Zdroj"]
[Date "1899-12-30"]
[Round "8.25"]
[White "Kaminski, Jan"]
[Black "Jablonski, Miroslaw"]
[Result "1-0"]
[WhiteTitle "I++"]
[BlackTitle "I++"]
[WhiteElo "2026"]
[BlackElo "1915"]

1. e4 e5 2. Nf3 Nc6 3. Bc4 Nf6 4. Ng5 d5 5. exd5 Na5 6. Bb5+ c6 7. dxc6 bxc6 8.
Be2 h6 9. Nh3 Bd6 10. d3 Qc7 11. Nc3 Bf5 12. Bf3 O-O-O 13. Qe2 g5 14. g4 Be6 15.
Bd2 Nd5 16. a3 Rhe8 17. O-O-O Nb7 18. Rhe1 Qe7 19. Bxd5 cxd5 20. Nb5 Bb8 21. d4
a6 22. Nc3 exd4 23. Na4 Ba7 24. Qxa6 Kb8 25. Bb4 Qc7 26. f3 Rc8 27. Rd2 Red8 28.
b3 Rg8 29. Qe2 Ka8 30. Qe5 Qc6 31. Qe2 Rce8 32. Qd3 Rg6 33. Rde2 Rgg8 34. Nf2
Rc8 35. Qd2 Qc7 36. Nd3 Rg6 37. Ne5 Rf6 38. Qd3 Na5 39. Kb2 Rf4 40. Qa6 Nb7 41.
Rc1 Kb8 42. Ka2 d3 43. Qxd3 Bd4 44. Ng6 fxg6 45. Rxe6 Qf7 46. Re7 Qf6 47. Qb5
Rc7 48. Rxc7 Kxc7 49. Re1 Be5 50. Qxd5 Bd6 51. Bxd6+ Qxd6 52. Qxd6+ Kxd6 53. Re3
h5 54. h3 Na5 55. Nc3 Nc6 56. Ne4+ 1-0